Man City Top Goalscorers of All Time - Statistics

General Stats
  • This quiz has been taken 80 times
  • The average score is 16 of 50
Answer Stats
Player Name APP Goals % Correct
Sergio Aguero 390 260
100%
Erling Haaland 95 88
96%
Kevin De Bruyne 379 102
93%
Raheem Sterling 339 131
88%
Phil Foden 267 85
87%
Bernardo Silva 352 66
84%
David Silva 436 77
84%
Ilkay Gundogan 304 60
68%
Yaya Toure 316 80
66%
Edin Dzeko 189 72
59%
Riyad Mahrez 236 78
59%
Rodri 254 25
57%
Carlos Tevez 148 73
56%
Leroy Sane 135 39
54%
Gabriel Jesus 236 95
53%
Julian Alvarez 101 36
47%
Fernandinho 383 26
40%
Colin Bell 338 92
37%
Shaun Goater 205 99
32%
Nicolas Anelka 103 45
31%
Shaun Wright-Phillips 274 48
28%
Robbie Fowler 92 27
26%
Mike Summerbee 277 29
25%
Francis Lee 221 104
22%
Paul Dickov 187 37
21%
Uwe Rosler 167 62
21%
Denis Law 68 30
16%
Neil Young 184 58
12%
Niall Quinn 219 69
12%
Dennis Tueart 238 87
10%
Rodney Marsh 130 38
10%
Brian Kidd 111 51
9%
David White 204 62
9%
Paulo Wanchope 75 29
9%
Mick Channon 79 26
7%
Paul Power 317 27
7%
Johnny Hart 69 27
6%
Mike Sheron 103 25
6%
Tommy Booth 367 28
6%
Mario Balotelli 80 30
4%
Darren Huckerby 82 31
3%
Kevin Horlock 221 41
3%
Kevin Reeves 137 36
3%
Samir Nasri 176 27
3%
Asa Hartford 272 30
1%
Joe Hayes 174 72
1%
Roy Clarke 141 32
1%
Alex Harley 41 24
0%
Colin Barlow 101 36
0%
Peter Dobing 84 31
0%
No matching quizzes found
Score Distribution
Percent of People with Each Score
Percentile by Number Answered
Your Score History
You have not taken this quiz